Kur kapan(ma)sın A.Ş. (Record no. 6749)

MARC details
000 -BAŞLIK
Sabit Uzunlukta Kontrol Alanı 00735na a2200229 4500
001 - KONTROL NUMARASI
Denetim Alanı 23294
003 - KONTROL NUMARASI IDENTIFIER
Denetim Alanı MIRAKIL
005 - SON İŞLEM TARİHİ VE ZAMANI
Denetim Alanı 20181213155118.0
008 - SABİT-BOY VERİ ELEMANLARI - GENEL BİLGİLER
Sabit Uzunlukta Kontrol Alanı 170825b tu 000 0
020 ## - ULUSLARARASI STANDART KİTAP NUMARASI
Uluslararası Standart Kitap Numarası 9786353241000
040 ## - KATALOGLAMA KAYNAK
Orijinal Kataloglama Ajansı Milas
Kataloglama Dili tur
Metne Dönüştürmek Ajansı TR-AnCHP
041 ## - DİL KODU
Metin / Ses Parça Veya Ayrı Başlığın Dil Kodu tur
100 ## - ANA GİRİŞ - KİŞİSEL İSİM
Kişisel Ad Evirgen, Yakup
245 ## - BAŞLIK TABLOSU
Başlık Kur kapan(ma)sın A.Ş.
Başlığın Kalan Savunma sanayiimizin dünü bugünü, gizlenenleri ve bilinmeyenleri
Sorumluluk Tablosu, Vb Yakup Evirgen
246 ## - UNVAN FORM VARYING
Başlık Doğru / Kısa Başlığı Savunma sanayiimizin dünü bugünü, gizlenenleri ve bilinmeyenleri
260 ## - YAYIN, DAĞITIM, VB
Yayın, Dağıtım, Vb Yeri İstanbul
Yayıncı, Dağıtıcı, Vs Adı Çıra yayınları
Yayın, Dağıtım, Vb Tarihi 2011
Üretici Firma Step ajans
300 ## - FİZİKSEL TANIM
Kapsam 103 s.
Diğer Fiziksel Ayrıntıları fotğ.
Boyutlar 21 sm.
440 ## - SERİSİ TABLOSU / KATMA GİRİŞİ - BAŞLIK
Başlık Çıra yayınları
Hacim / Ardışık Tanımı 241
500 ## - GENEL NOT
Genel Not GEÇİCİ KATALOG KAYDIDIR.
942 ## - EKLENDİ GİRİŞ ELEMANLARI (KOHA)
Sınıflandırma Veya Raf Düzeni Kaynak Dewey Decimal Classification
Koha Öğesi Türü Books
999 ## - SİSTEM KONTROL NUMARALARI (KOHA)
Koha Biblionumber 6749
Koha Biblioitemnumber 6749
Holdings
Kalıcı Konum Mevcut Konum Edinme Tarihi Edinim Kaynak Toplam Check-Out'Lar Barkod Tarih Son Görülme İtibaren Geçerli Fiyatlar Koha Öğesi Türü
CHP Kütüphanesi CHP Kütüphanesi 08/25/2017 Bağış   017279 08/25/2017 08/25/2017 Books